00504 2200193 4500001002100000005001500021008004100036020002200077035001900099041000700118082001100125090001700136100001700153700001600170245002400186260003200210300003400242650003400276INLIS00000000001526620241224114912241224||||||||| | ||| |||| || |  a978-602-8136-11-2 0010-1224015266 aid0 a551.43 a551.43 AMB g0 aDebby Juwita0 aB.Ambarjaya00aGunung di Indonesia aBandungbMitra Saranac2004 a21x15 cm, vi, 66 hlm.; ilus.: 0ailmu Pengetahuan Tentang Bumi